000 00241nam a2200109Ia 4500
999 _c8805
_d8805
020 _a9780201590982
100 _aHoffer, Prescott
245 0 _aModern Database Management
260 _aNew Delhi
_bPrentice
_c1998
300 _a558
942 _cBK